000 003690000a22001090004500
090 _aAS
_bSeriadas
245 1 0 _aMedio ambiente colombiano y los cultivos ilícitos
041 0 _aEspañol
100 1 _aDíaz Piedrahita, Santiago
_995842
942 _cARTICULO
773 1 _tRevista de la Academia Colombiana de Ciencias Exactas, Fisicas y Naturales
_332
_h83
_q173-186
_d1998
_g22
999 _c14097
_d14097